| 000 | 01196nam a2200313 4500 | ||
|---|---|---|---|
| 001 | 0000019628 | ||
| 003 | CO-CtgCURN | ||
| 005 | 20250331185216.0 | ||
| 007 | ta | ||
| 008 | 160627s2001 000 0 eng d | ||
| 020 | _a9684269390 | ||
| 040 |
_aCO-CtgCURN _bspa _ccoctgcurn |
||
| 082 | 0 |
_a616.89 _bG65p |
|
| 100 | 1 | _aGoldman, Howard H. | |
| 245 | 1 | 0 |
_aPsiquiatria general / _cHoward H. Goldman , Lliana T. Rojas Rubio , traducción Gloria Padilla Sierra. |
| 250 | _a5a ed. | ||
| 260 |
_aMexico : _bManual Moderno, _c2001. |
||
| 300 | _a698 p. | ||
| 336 | _2rdacontent | ||
| 337 |
_2rdamedia _asin mediacion _bn |
||
| 338 |
_2rdacarrier _avolumen _bnc |
||
| 500 | _aIncluye indice. | ||
| 505 | 8 | _aTeoria y conceptos.--Valoracion psiquiatrica.--Trastornos mentales.--Modalidades de tratamiento.--Fundamentos teoricos de la psiquiatria.--La muerte y las enfermedades somaticas factores psicologicos que infieren en las enfermedades fisicas | |
| 650 | 1 | 4 |
_aPsiquiatria _vDiagnostico y tratamiento. |
| 700 | 1 |
_aPadilla Sierra, Gloria, _eTraductor. |
|
| 908 | _a160627 | ||
| 942 |
_cBK _h616.89 _iG65p _2ddc |
||
| 999 |
_c22890 _d22890 |
||